Normal view
MARC view
Entry Personal Name
001 - CONTROL NUMBER
- control field: 509841
003 - CONTROL NUMBER IDENTIFIER
- control field: OSt
005 - DATE AND TIME OF LATEST TRANSACTION
- control field: 20220928144832.0
008 - FIXED-LENGTH DATA ELEMENTS
- fixed length control field: 220928|| aca||aabn | a|a d
040 ## - CATALOGING SOURCE
- Original cataloging agency: OSt
- Transcribing agency: OSt
100 ## - HEADING--PERSONAL NAME
- Personal name: Dawson S E
670 ## - SOURCE DATA FOUND
- Source citation: Work cat.: (OSt)829832: Dawson S E, Study , 1972
